| 000 | 00466nam a2200169 4500 | ||
|---|---|---|---|
| 999 |
_c2663 _d2663 |
||
| 008 | 200312b ||||| |||| 00| 0 eng d | ||
| 020 | _a0852266022 | ||
| 082 | 0 | 0 |
_a629.8 _bN152 |
| 100 |
_92257 _aNagrath, I. J. |
||
| 245 | 1 | 0 |
_aControl system engineering / _cby I. J. Nagrath and M. Gopal |
| 250 | _a1st ed. | ||
| 260 |
_aNew Delhi _bWiley Eastern _c1977 |
||
| 300 | _axii, 491 p. | ||
| 650 | 0 | _aSystems engineering | |
| 700 |
_92260 _aGopal, M. |
||
| 942 |
_2ddc _cBK |
||